000
00299nam a22001457a 4500
999
_c
54960
_d
54960
008
200121b ||||| |||| 00| 0 eng d
020
_a
9789951716321
041
_a
eng
080
_a
574
082
_a
574
100
_a
9
101
_a
MJE
245
_a
Bioenergjia
_c
Makolli,S
942
_2
udc
_c
BK